War on crime and drugs: Understanding support for the anti-crime and anti-drugs campaign / (Record no. 361463)
[ view plain ]
| 000 -LEADER | |
|---|---|
| fixed length control field | 00573nam a2200181Ia 4500 |
| 008 - FIXED-LENGTH DATA ELEMENTS--GENERAL INFORMATION | |
| fixed length control field | 190422s9999 xx 000 0 und d |
| 100 ## - MAIN ENTRY--PERSONAL NAME | |
| Personal name | Nerona, Randolfh |
| 245 ## - TITLE STATEMENT | |
| Title | War on crime and drugs: Understanding support for the anti-crime and anti-drugs campaign / |
| 245 ## - TITLE STATEMENT | |
| Statement of responsibility, etc | Randolfh Nerona.-- |
| 260 ## - PUBLICATION, DISTRIBUTION, ETC. (IMPRINT) | |
| Name of publisher, distributor, etc | Psychological Association of the Philippines |
| 260 ## - PUBLICATION, DISTRIBUTION, ETC. (IMPRINT) | |
| Date of publication, distribution, etc | 2017 |
| 300 ## - PHYSICAL DESCRIPTION | |
| Extent | pages 39-66, December 2017 |
| 440 ## - SERIES STATEMENT/ADDED ENTRY--TITLE | |
| Title | Philippine Journal of Psychology |
| Volume number/sequential designation | 50(2) |
| 650 ## - SUBJECT ADDED ENTRY--TOPICAL TERM | |
| Topical term or geographic name as entry element | Binding Foundations |
| 650 ## - SUBJECT ADDED ENTRY--TOPICAL TERM | |
| Topical term or geographic name as entry element | Perception |
| 650 ## - SUBJECT ADDED ENTRY--TOPICAL TERM | |
| Topical term or geographic name as entry element | RWA |
| 650 ## - SUBJECT ADDED ENTRY--TOPICAL TERM | |
| Topical term or geographic name as entry element | Threat |
No items available.